Vacunaciones / (Record no. 147938)

MARC details
000 -LEADER
campo de control de longitud fija 00691nam a2200205 4500
001 - NÚMERO DE CONTROL
campo de control 147938
003 - IDENTIFICADOR DE NÚMERO DE CONTROL
campo de control ES-MaACL
005 - FECHA Y HORA DE LA ÚLTIMA TRANSACCIÓN
campo de control 20230906202338.0
007 - CAMPO FIJO DE DESCRIPCIÓN FÍSICA--INFORMACIÓN GENERAL
campo de control de longitud fija t|
008 - DATOS DE LONGITUD FIJA--INFORMACIÓN GENERAL
campo de control de longitud fija 070214s1960 sp r ||||1| spa d
100 1# - ENTRADA PRINCIPAL--NOMBRE DE PERSONA
Nombre de persona Spiess, Heinz.
9 (RLIN) 107725
245 10 - MENCIÓN DEL TÍTULO
Título Vacunaciones /
Mención de responsabilidad, etc. Heinz Spiess ; con la colaboración de F. Hansen ; traducción del alemán por J. Díaz Vázquez ; revisada por F. Ortiz Masllorens.
250 ## - MENCION DE EDICION
Mención de edición 1ª. ed.
260 ## - PUBLICACIÓN, DISTRIBUCIÓN, ETC.
Lugar de publicación, distribución, etc. Madrid :
Nombre del editor, distribuidor, etc. Paz Montalvo,
Fecha de publicación, distribución, etc. 1960.
300 ## - DESCRIPCIÓN FÍSICA
Extensión XV, 415 p. :
Otras características físicas il. ;
Dimensiones 25 cm.
700 1# - ENTRADA AGREGADA--NOMBRE PERSONAL
Nombre de persona Hansen, F.
9 (RLIN) 61762
700 1# - ENTRADA AGREGADA--NOMBRE PERSONAL
Nombre de persona Díaz Vázquez, J.
9 (RLIN) 44450
700 1# - ENTRADA AGREGADA--NOMBRE PERSONAL
Nombre de persona Ortiz Masllorens, Fernando.
9 (RLIN) 166268
852 ## - LOCALIZACIÓN
Ubicación ES-MaACL
Número de control de estantería C-18920
Sublocalización o colección R.46770
Holdings
Estatus retirado Estado de pérdida Estado de daño No para préstamo Biblioteca de origen Biblioteca actual Ubicación en estantería Fecha de adquisición Fuente de adquisición Total de préstamos Signatura topográfica completa Código de barras Visto por última vez Precio de reemplazo Tipo de ítem Koha
        Biblioteca del Ateneo de Madrid Biblioteca del Ateneo de Madrid Galería 17/01/2008     C-18920 1154391 23/02/2023 23/02/2023 Libro impreso